Répliques célèbres du Maître d'Armes - Kaamelott - Statistiques

Statistiques générales
  • Ce quiz a été pris 37 fois
  • Le résultat moyen est 11 sur 19
Statistiques - réponses
Réplique Réponse % Correct
Fils d'.... ! unijambiste
97%
Je ne mange pas de .... ! graines
91%
C'est pas une insulte ça, Sire, C'est ... ! vrai
91%
C'est pas le tout d'avoir une épée magique, pas vrai, mais faut-il encore savoir .... ! s'en servir
88%
Vous allez me faire la plaisir de vous secouer un peu les ... ! miches
75%
En garde ma .... ! mignonne
75%
Quand on est idiot, on plante des .... on ne s'occupe pas de sécurité ! carottes
66%
Ça va être la fête à votre .... ! cul
66%
Moi, une fois, j'étais soûl comme cochon, je me suis fait tatouer "J'aime le ...." sur la miche droite, et ça y est toujours ! raisin de table
56%
Commencez par admettre que vous avez un problème de .... , mon vieux ! boisson
53%
J'vais vous découper le ...., ça vous fera ça de moins à trimballer ! gras du cul
53%
Non, mais c'est à se coincer ... dans une porte, non ? les parties
44%
À moins que vous préfériez que l’on dise partout que le roi est une petite .... qui pisse dans son froc à l’idée de se battre ! pédale
41%
Magnez-vous le fion, espèce de grosse .... ! dinde
38%
Manquez encore une seule fois de respect au futur roi de Bretagne, et je vous coupe les boules ! Ça vous fera une jolie petite .... pour ranger vos dés à coudre. sacoche
38%
J’ai l’impression de me battre contre une .... ! vieille
34%
Non, je veux dire «....», c'est votre maximum, comme insulte ? Non parce qu'il va falloir passer le cran au-dessus, mon vieux, parce que sinon, on y est encore demain ! malade mental
31%
Si faut ça pour vous .... , ça m'fait pas peur ! réveiller
19%
Du nerf, mon .... ! Vous allez vous faire tailler le zizi en pointe ! lapinou
13%
Aucun quiz correspondant
Distribution des résultats
% des personnes avec chaque résultat
Percentile par nombre de réponses
Votre historique - résultats
Vous n’avez pas pris ce quiz